000 00669nam a22002417a 4500
003 MX-MxINE
005 20260601193905.0
008 260518t1975 enka|||| |||| 00| 0 eng d
040 _aMX-MxINE
_bspa
_cMX-MxINE
_erda
041 _aeng
050 _aNK2715
_bH33 1975
100 _eautor
245 _aHabitat 1975 :
_bcatalogue 30p
264 _aLondon :
_bHabitat,
_c1975
300 _a112 páginas :
_bilustraciones
336 _2rdacontent
_atexto
337 _2rdamedia
_asin medio
338 _2rdacarrier
_avolumen
610 1 _aHabitat (Empresa)
_vCatálogos
650 _aMuebles
_vCatálogos
_99329
650 _aDiseño de mobiliario
942 _2lcc
_cB
_n1
999 _c22383
_d22383